| 000 | 00947nam a22003017a 4500 | ||
|---|---|---|---|
| 001 | 5553 | ||
| 003 | FISKH | ||
| 005 | 20241217140653.0 | ||
| 008 | 241217b cb ||||| |||| 00| 0 eng d | ||
| 020 | _a9780545664790 | ||
| 040 |
_aFISKH _beng _cFISKH _dFISKH |
||
| 050 | _aKF8745.S67 | ||
| 082 | _a347.73 | ||
| 100 | _aAnderson, AnnMarie | ||
| 245 |
_aWhen I grow up : _bSonia Sotomayor / _cby AnnMarie Anderson |
||
| 250 | _aFirst printing, September 2014 | ||
| 260 |
_aNew York : _bScholastic ; _c2014. |
||
| 300 |
_a32 unnumbered pages : _bcolor illustrations ; _c24 cm . |
||
| 490 |
_aScholastic reader _vLevel 3 |
||
| 505 | _aS | ||
| 520 | _aProvides a first person account of the life and accomplishments of Sonia Sotomayor. | ||
| 521 | 8 |
_a790
_bLexile |
|
| 521 | 8 |
_aS
_bRaz-Plus |
|
| 650 |
_ahistorical figures _vNon-fiction |
||
| 700 |
_aKelly, Gerald _eillustrator |
||
| 942 |
_2ddc _cBK _n0 |
||
| 999 |
_c5553 _d5553 |
||